Composición de lianas y bejucos en el Chocó Biogeográfico Colombiano (Registro n. 330379)
[ somente texto ]
| 000 -LÍDER | |
|---|---|
| fixed length control field | 03329nab a2200265 i 4500 |
| 003 - CÓDIGO MARC DA AGÊNCIA CATALOGADORA | |
| Campo de controle | BR-BrBNA |
| 005 - DATA E HORA DA ÚLTIMA ATUALIZAÇÃO | |
| Campo de controle | 20250313104625.0 |
| 008 - CAMPO DE TAMANHO FIXO | |
| fixed length control field | 250313b2015 bl.qr|pooa||| 00| 0 spa | |
| 040 ## - FONTE DA CATALOGAÇÃO | |
| Agência catalogadora | BR-BrBNA |
| Idioma da catalogação | spa |
| 072 ## - CATEGORIA AGRIS | |
| Código AGRIS | F70 |
| 100 ## - ENTRADA PRINCIPAL - NOME PESSOAL | |
| Nome pessoal | Bonilla, Deivis Abadia |
| 100 ## - ENTRADA PRINCIPAL - NOME PESSOAL | |
| Nome pessoal | Tapia, Álvaro de Jesus Lema |
| 100 ## - ENTRADA PRINCIPAL - NOME PESSOAL | |
| Nome pessoal | Palacios-Tello, Luz Yorleyda |
| 245 ## - TÍTULO PRINCIPAL | |
| Título principal | Composición de lianas y bejucos en el Chocó Biogeográfico Colombiano |
| 500 ## - NOTA GERAL | |
| Nota geral | Publicação on-line; 27 ref.; 1 table; 5 illus.; Summaries (En, Es) |
| 942 ## - ADDED ENTRY ELEMENTS (KOHA) | |
| Koha item type | Analítica |
| 520 ## - NOTA DE RESUMO | |
| Nota de conteúdo | <br/><br/>Resumen<br/><br/>Con el objetivo de determinar los patrones de distribución de lianas y bejucos en el Chocó biogeográfico colombiano, <br/>se construyó una base en datos de presencia de las especies de lianas y bejucos reportadas a diciembre de<br/>2012, a partir de bases de datos digitales, registros en literatura científica e inspección directa de especímenes del<br/>herbario teniendo en cuenta los tipos de ecosistemas (ambientes), a partir de la cual, se determinó la composición y<br/>riqueza para cada tipo de ambiente. Para evaluar la afinidad en términos de composición de familias entre tipos de<br/>ambientes, se elaboró un análisis de agrupamiento jerárquico, utilizando el coeficiente de similaridad de Jaccard.<br/>Se registraron 41 familias, distribuidas en 198 géneros y 700 especies de lianas y bejucos para el Chocó Biogeográfico. <br/>Las familias mejor representadas en cuanto a número de especies y géneros fueron Bignoniaceae (75/34),<br/>Fabaceae (74/19), Sapindaceae (59/4) y Rubiaceae (40/14). Existe una similaridad del 72% en la composición de<br/>lianas y bejucos respecto a los tipos de ambiente del Chocó Biogeográfico colombiano.<br/><br/>Palabras clave: Presencia-ausencia, similaridad, Bignoniaceae, trepadoras, diversidad.<br/><br/><br/><br/><br/><br/>Abstract<br/><br/>In order to determine the distribution patterns of lianas and vines in the Colombian Chocó biogeographic, we<br/>constructed a data base of presence of species of lianas and vines reported to December 2012, from digital databases, <br/>records scientific literature and direct inspection of herbarium specimens considering ecosystem types<br/>(environments), from which, the composition and richness to any environment was determined. To evaluate the<br/>affinity in terms of family composition between types of environments, hierarchical clustering analysis, “Cluster” was <br/>developed using the Jaccard similarity coefficient. 41 families, 198 genera distributed in 700 species<br/>of lianas and vines for Chocó were recorded. The families better represented as for number of species and kinds<br/>were Bignoniaceae (75/34), Fabaceae (74/19), Sapindaceae (59/4) and Rubiaceae (40/14). There is a similarity<br/>of 72% in the composition of lianas and vines on the types of Colombian Chocó Biogeographic environment.<br/><br/>Key words: Presence-absence, similarity, Bignoniaceae, climbing, diversity |
| 650 ## - ASSUNTO - THESAGRO | |
| Cabeçalho tópico ou nome geográfico | BIODIVERSIDADE |
| 650 ## - ASSUNTO - THESAGRO | |
| Cabeçalho tópico ou nome geográfico | TAXONOMIA |
| 650 ## - ASSUNTO - THESAGRO | |
| Cabeçalho tópico ou nome geográfico | TREPADEIRA |
| 650 ## - ASSUNTO - THESAGRO | |
| Cabeçalho tópico ou nome geográfico | COLÔMBIA |
| 773 0# - ENTRADA ANALÍTICA | |
| Host Biblionumber | 709 |
| Registro do item | 349058 |
| Imprenta | Rio de Janeiro-RJ Jardim Botanico do Rio de Janeiro 1935 |
| Outro identificador | 2025-1576 |
| Título | Rodriguésia (Brazil) |
| ISSN | 0370-6583; 2175-7860 on-line |
| Colação | v. 66(3) p. 665-673; (2015) |
| Número de controle de registro | BR2025000194 |
| 856 ## - ACESSO E ENDEREÇO ELETRÔNICO | |
| Identificador uniforme de recurso - URI | https://www.scielo.br/j/rod/a/JJBkyZYPwbTKDQR9z83vzxv/?format=pdf&lang=es |
Nenhum exemplar disponível.

BINAGRI